Language Quiz

Random Language or Spanish Quiz

Spanish: Months Quiz Stats

 Plays Quiz Updated Mar 19, 2020

Support Sporcle.
Go Orange.
Score 0/12 Timer 03:00
0 Plays Today
English Spanish % Correct
Julyjulio
95.1%
Maymayo
94.5%
Aprilabril
93%
Junejunio
90.9%
Septemberseptiembre
89.4%
Novembernoviembre
88.7%
Marchmarzo
88.1%
Januaryenero
87.4%
Februaryfebrero
86.2%
Octoberoctubre
84.8%
Augustagosto
75.5%
Decemberdiciembre
73.1%

From the Vault

COLOR-CODED Television

by Hejman

We like to color-code things just to be organized.
Remove Ads.
Support Sporcle.
Get the best of Sporcle when you Go Orange. This ad-free experience offers more features, more stats, and more fun while also helping to support Sporcle. Thank you for becoming a member.

Show Comments

Extras

Top Quizzes Today


Score Distribution

Your Account Isn't Verified!

In order to create a playlist on Sporcle, you need to verify the email address you used during registration. Go to your Sporcle Settings to finish the process.

Report this User

Report this user for behavior that violates our Community Guidelines.

Details: